000 00393cam a2200157ua 4500
041 _aeng
_h
082 _a828.09
_bRIG/LO
100 _aRighter, William .
245 _aLogic and criticism /
_cWilliam Righter.
_hTextual Documents
250 _a1 /
_b.
260 _aLondon :
_bRoutledge & Kegan Paul Ltd ,
_c1963.
300 _a148 ; .
504 _a
942 _cBK
999 _c6941
_d6941